000 00299nam a22001337a 4500
008 180927b xxu||||| |||| 00| 0 eng d
020 _a0409951129
041 _aeng
080 _a610
100 _a4
101 _aSHM
245 _aDysphagia Diagnosis Management
_cGroher.M E
942 _2udc
_cBK
999 _c48630
_d48630